Statistiques concernant Tous les niveaux de Super Mario Sunshine

Cliquez ici pour prendre le quiz!

Statistiques générales

  • Ce quiz a été pris 8 fois
  • Le résultat moyen est 7 sur 8

Statistiques - réponses

HintRéponse% Correct
Niveau n°5Plage Sirena
100%
NIveau n°7Village Pianta
100%
Niveau n°6Baie Noki
86%
NIveau n°3Gélato-les-Flots
86%
"Niveau" n°8Mont Corona
86%
Niveau n°2Port Ricco
86%
Niveau n°4Parc Pinna
71%
Niveau n°1Collines Bianco
43%

Distribution des résultats

Percentile par nombre de réponses

% des personnes avec chaque résultat

Votre développement - résultats

Vous n’avez pas pris ce quiz